| 000 | 00645nam a2200229Ia 4500 | ||
|---|---|---|---|
| 008 | 200601s9999 xx 000 0 und d | ||
| 020 | _a978-1-250-04047-3 | ||
| 050 | _aMAIN BJ 2121 | ||
| 050 | _b.W43 2016 | ||
| 100 | _aWebber, Imogen Lloyd. | ||
| 245 | 4 | _aThe Intelligent conversationalist : | |
| 245 | 0 | _b31 cheat sheets that will show you how to talk to anyone about anything, anytime / | |
| 245 | 0 | _cImogen Lloyd Webber. | |
| 260 | _aNew York : | ||
| 260 | _bSt. Martin's Press, | ||
| 260 | _c2016 | ||
| 300 | _a396 pages : | ||
| 300 | _c21 cm. | ||
| 650 | _aSelf-help. | ||
| 650 | _aSuccess. | ||
| 650 | _xPersonal growth. | ||
| 999 |
_c363196 _d363196 |
||